01056cam a2200265 i 4500001000300000003000900003005001700012008004100029020001800070040000800088080001200096080001200108245014600120260004800266300004800314504003400362521008300396655003000479650002500509710003400534700004400568700003700612700004300649856009800692bgKOSZ 00520211119102207.0080929s2008 pl a f f |000 0 pol d a9788301154950 cBPK a502/504 a(075.8)00aOchrona środowiska przyrodniczego /cBożena Dobrzańska, Grzegorz Dobrzański, Dariusz Kiełczewski ; red. nauk. Grzegorz Dobrzański. aWarszawa :bWydawnictwo Naukowe PWN,c2008. a458, [1] s. :bil. (w tym kolor.) ;c24 cm. aBibliogr. s. 428-445. Indeks. aDla studentów geografii, ochrony środowiska oraz ekonomii i zarządzania. 4aPodręczniki akademickie 4aOchrona środowiska2 aWydawnictwo Naukowe PWN4pbl.1 aDobrzański, Grzegorzd(1963- )eAutor1 aDobrzańska, Bożena M.eAutor1 aKiełczewski, Dariuszd(1967- )eAutor uhttp://koha.tu.koszalin.pl/cgi-bin/koha/opac-detail.pl?biblionumber=55845yKatalog online BPK